La producción de comunicaciones científicas : (Registro nro. 1911)
[ vista simple ]
| 000 -CABECERA | |
|---|---|
| campo de control de longitud fija | 02537nam a2200241Ia 4500 |
| 003 - IDENTIFICADOR DEL NÚMERO DE CONTROL | |
| campo de control | AR-RoIUNI |
| 005 - FECHA Y HORA DE LA ÚLTIMA TRANSACCIÓN | |
| campo de control | 20251110143841.0 |
| 007 - CAMPO FIJO DE DESCRIPCIÓN FÍSICA--INFORMACIÓN GENERAL | |
| campo de control de longitud fija | ta |
| 008 - DATOS DE LONGITUD FIJA--INFORMACIÓN GENERAL | |
| campo de control de longitud fija | 150616s2011 ag d fr 001 0 spa d |
| 020 ## - NÚMERO INTERNACIONAL ESTÁNDAR DEL LIBRO | |
| Número Internacional Estándar del Libro | 9789871104987 |
| 040 ## - FUENTE DE LA CATALOGACIÓN | |
| Centro/agencia transcriptor | AR-RoIUNI |
| 040 ## - FUENTE DE LA CATALOGACIÓN | |
| Centro/agencia modificador | OCLC |
| Centro/agencia transcriptor | AR-RoIUNI |
| 080 ## - NÚMERO DE LA CLASIFICACIÓN DECIMAL UNIVERSAL | |
| Número de la Clasificación Decimal Universal | 001.814 (035) CAT |
| 100 1# - ENTRADA PRINCIPAL--NOMBRE DE PERSONA | |
| Nombre de persona | Cataldi, Zulma |
| 245 13 - MENCIÓN DE TÍTULO | |
| Título | La producción de comunicaciones científicas : |
| Resto del título | De la investigación a la redacción / |
| Mención de responsabilidad, etc. | Zulma Cataldi, Fernando J. Lage. |
| 250 ## - MENCIÓN DE EDICIÓN | |
| Mención de edición | 1a. ed. |
| 260 ## - PUBLICACIÓN, DISTRIBUCIÓN, ETC. (PIE DE IMPRENTA) | |
| Lugar de publicación, distribución, etc. | Buenos Aires: |
| Nombre del editor, distribuidor, etc. | Nueva Librería, |
| Fecha de publicación, distribución, etc. | 2011 |
| 300 ## - DESCRIPCIÓN FÍSICA | |
| Extensión | 212 p. ; |
| Dimensiones | 21 cm. |
| 520 ## - SUMARIO, ETC. | |
| Sumario, etc. | La formación de un investigador se considera que está completa cuando adquiere la capacidad de formular sus proyectos y expresar sus resultados en forma escrita de modo tal que éstos puedan ser publicados en revistas de la especialidad. A lo largo del tiempo se ha observado que existe una debilidad teórica y metodológica en la producción de quienes se inician en la tarea de investigación, evidenciada en proyectos de investigación con objetivos poco precisos y desordenados, en los planes de tesis de grado o de maestría y en publicaciones enviadas a congresos y revistas especializadas Existen casos de proyectos que son muy buenos y más allá de aplicar una estrategia metodológica correcta, los resultados quedan desdibujados al plasmar las ideas en el papel de un modo desordenado, desdibujando los logros del mismo. Ya sea para un informe de avance de proyecto, una tesis, tesina o una simple comunicación a un congreso se deben traducir las ideas de modo ordenado, en forma clara, sencilla y breve. La brevedad significa incluir sólo la información pertinente al contenido que se trate y comunicar dicha información utilizando el menor número posible de palabras, ya que el texto redundante desvía la atención y en general afecta a la claridad del mensaje. Si bien esta obra no pretende resolver todas las dudas sobre la redacción para la producción científica, puede ayudar a recordar las reglas ya aprendidas y su aplicación específica. En otras palabras, se busca la apropiación de los conocimientos necesarios para llevar adelante el análisis diferenciado de cada una de las partes que componen un artículo o un informa de investigación. Por ese motivo, en esta obra se enfatizan aquellos aspectos observado como debilidad en la redacción y en la presentación de las comunicaciones científicas. |
| 650 10 - PUNTO DE ACCESO ADICIONAL DE MATERIA--TÉRMINO DE MATERIA | |
| 9 (RLIN) | 484 |
| Término de materia o nombre geográfico como elemento inicial | Investigación Científica |
| 700 1# - PUNTO DE ACCESO ADICIONAL--NOMBRE DE PERSONA | |
| Nombre de persona | Lage, Fernando Javier |
| Término indicativo de función/relación | aut. |
| 942 ## - ELEMENTOS DE PUNTO DE ACCESO ADICIONAL (KOHA) | |
| Tipo de ítem Koha | Libros |
| Fuente del sistema de clasificación o colocación | Clasificación Decimal Universal |
| Estado de retiro | Estado de pérdida | Fuente del sistema de clasificación o colocación | Estado dañado | Excepción de préstamo | Código de colección | Localización permanente | Ubicación/localización actual | Ubicación en estantería | Fecha de adquisición | Número de inventario | Total de préstamos | Signatura topográfica completa | Código de barras | Fecha visto por última vez | Número de copia | Tipo de ítem Koha | Precio válido a partir de |
|---|---|---|---|---|---|---|---|---|---|---|---|---|---|---|---|---|---|
| Clasificación Decimal Universal | Metodología | BIBLIOTECA CRESPO | BIBLIOTECA CRESPO | BIBLIOTECA CRESPO | 19/12/2018 | 4762 | 001.814 (035) CAT | 4762c | 19/12/2018 | 2 | Libros | ||||||
| Clasificación Decimal Universal | Metodología | BIBLIOTECA CRESPO | BIBLIOTECA CRESPO | BIBLIOTECA CRESPO | 19/12/2018 | 1912 | 001.814 (035) CAT | 1912c | 10/11/2025 | Libros | 10/11/2025 |

